000 01174nam a22003257a 4500
003 DO-SdBNP
005 20240627133559.0
008 171123b2011 sp | 00| 0 spa d
020 _a9586074360356
040 _aBPMSU
_bspa
_cBPMSU
082 4 _a782.42
_bM516c 2011
_222
245 0 4 _aLas mejores canciones y rondas infantiles /
_c ilustración David Lara, Eduardo Amezcua
_b
260 _aMadrid. :
_bEditorial Lexus,
_c2011
300 _a166 p.:
_bil.;
_c28 cm.
500 _a
590 _aInventariado, 2024VM
650 4 _aCanciones colombianas
_vCancioneros.
650 4 _aCompositores colombianos
_vBiografías.
650 4 _aMúsicos colombianos
_vBiografías
650 4 _aCanciones infantiles
_x
650 4 _a Poesía infantil
_vColecciones
_x
_z
650 4 _aRondas infantiles
700 1 _a Lara, David.
_eilustraciones
700 1 _aAmezcua, Eduardo
_eilustraciones
710 2 _aLexus
740 3 2 _aEl bolero en Colombia.
740 3 2 _aLa canción colombiana : su historia, sus compositores, sus mejores intérpretes : 500 canciones armonizadas para guitarra.
910 _aVMateo V. Control de calidad BPMSU
942 _2ddc
_cBK
999 _c14693
_d14693